<?xml version='1.0' encoding='UTF-8'?>
  <record xmlns="http://www.loc.gov/MARC21/slim">
    <leader>00000cam a22000007i 4500</leader>
    <controlfield tag="001">ocm66861343</controlfield>
    <controlfield tag="003">OCoLC</controlfield>
    <controlfield tag="005">20251115233426.6</controlfield>
    <controlfield tag="008">031214s1596    gw            000 0 ger d</controlfield>
    <datafield tag="040" ind1=" " ind2=" ">
      <subfield code="a">NLGGC</subfield>
      <subfield code="b">dut</subfield>
      <subfield code="e">fobidrtb</subfield>
      <subfield code="c">NLGGC</subfield>
      <subfield code="d">OCLCL</subfield>
      <subfield code="d">OCLCQ</subfield>
    </datafield>
    <datafield tag="029" ind1="0" ind2=" ">
      <subfield code="a">NLGGC</subfield>
      <subfield code="b">257943625</subfield>
    </datafield>
    <datafield tag="035" ind1=" " ind2=" ">
      <subfield code="a">(OCoLC)66861343</subfield>
    </datafield>
    <datafield tag="100" ind1="1" ind2=" ">
      <subfield code="a">Löw, Conrad.</subfield>
    </datafield>
    <datafield tag="245" ind1="1" ind2="0">
      <subfield code="a">Eigentlicher, warhafftiger und kurtzer Bericht etlicher newer gewisse Zeitungen was sich in allerley so wol in Kriegshändel als andern Sachen in Franckreich, Hispanien, Italien, Engelland, in Ober und Nider Ungern, Poln, Sibenbürgen, Moldaw, Walachey, Holland, Braband, Seeland, Hoch und Nider Teutschland in gleichem auch im Ertzstifft Cölln zugetragen und begeben hat dise vorgelauffene 6. Monat vom September an anno anno 95. biss in Aprillen in disem jetztlauffenden 96. Jar :</subfield>
      <subfield code="b">item, was sich mit dem ... Fürsten und Herrn Sigismundo in Sibenbürgern Moldaw und Walachey etc. begeben hat : von der Einkompft des Cardinalen auss Oesterreich des newen Gubernators in des Königs von Hispanien Niederlanden sampt des Printzen Son von Uranien und Graff zu Bueren : auch von Einnemung der Satt [!] Marsilien /</subfield>
      <subfield code="c">durch Conrad Lew.</subfield>
    </datafield>
    <datafield tag="260" ind1=" " ind2=" ">
      <subfield code="a">Gedruckt zu Cölln :</subfield>
      <subfield code="b">bey Wilhelm von Lützenkirchen,</subfield>
      <subfield code="c">1596.</subfield>
    </datafield>
    <datafield tag="300" ind1=" " ind2=" ">
      <subfield code="c">20 cm.</subfield>
    </datafield>
    <datafield tag="336" ind1=" " ind2=" ">
      <subfield code="a">tekst</subfield>
      <subfield code="b">txt</subfield>
      <subfield code="2">rdacontent/dut</subfield>
    </datafield>
    <datafield tag="337" ind1=" " ind2=" ">
      <subfield code="a">zonder medium</subfield>
      <subfield code="b">n</subfield>
      <subfield code="2">rdamedia/dut</subfield>
    </datafield>
    <datafield tag="338" ind1=" " ind2=" ">
      <subfield code="a">band</subfield>
      <subfield code="b">nc</subfield>
      <subfield code="2">rdacarrier/dut</subfield>
    </datafield>
    <datafield tag="510" ind1="0" ind2=" ">
      <subfield code="a">Van Someren 196</subfield>
    </datafield>
    <datafield tag="758" ind1=" " ind2=" ">
      <subfield code="a">Eigentlicher, warhafftiger und kurtzer Bericht etlicher newer gewisse Zeitungen was sich in allerley so wol in Kriegshändel als andern Sachen in Franckreich, Hispanien, Italien, Engelland, in Ober und Nider Ungern, Poln, Sibenbürgen, Moldaw, Walachey, Holland, Braband, Seeland, Hoch und Nider Teutschland in gleichem auch im Ertzstifft Cölln zugetragen und begeben hat dise vorgelauffene 6. Monat vom September an anno anno 95. biss in Aprillen in disem jetztlauffenden 96. Jar (Text)</subfield>
      <subfield code="1">https://id.oclc.org/worldcat/entity/E39PD3FPkxmqrVk6dWW4J8XMcd</subfield>
      <subfield code="4">https://id.oclc.org/worldcat/ontology/hasWork</subfield>
    </datafield>
    <datafield tag="936" ind1=" " ind2=" ">
      <subfield code="a">BATCHLOAD</subfield>
    </datafield>
  </record>